Nález badenskej kultúry v Chotíne

Bibliographic Details
Main Author: Bielich, Mário, 1978- (Author)
Format: Article
Language:Slovak
PhysicalDescription:Fotogr. a obr. na s. 202-335, mp. a tab. na s.14-23
ISBN:8088709733
ISSN:0231-925X
Subjects:

MARC

LEADER 00000nab a2200000 a 4500
001 vtls008418433
003 SK-MaSNL
005 20260304134943.0
008 250505c2004 xo |||||||a 0|| b|slo
015 |a SNBRA2005/12  |2 snkbucl 
035 |a (uuid)6f346426-7a37-457e-861f-c274dc6246b2 
035 |a urn:nbn:sk:snk-abw8c 
035 |a (urnnbn)urn:nbn:sk:snk:ar-a03yqe 
038 |a SNKBUCL 
040 |a SNKBUCL  |b slo  |c SNKBUCL  |e AACR2 
041 0 |a slo  |b ger 
044 |a xo  |c SK 
080 |a 903.23  |x (437.6)  |x "636"  |2 1997 
080 |a 902.2  |x (437.6)  |2 1997 
100 1 |a Bielich, Mário,  |d 1978-  |4 aut  |9 28189 
245 1 0 |a Nález badenskej kultúry v Chotíne  |c Mário Bielich 
300 |b Fotogr. a obr. na s. 202-335, mp. a tab. na s.14-23 
546 |a Res. nem. 
650 0 7 |a keramika  |2 snkbucl  |9 3061 
650 0 7 |a badenská kultúra  |2 snkbucl  |9 98208 
650 0 7 |a kostrové hroby  |2 snkbucl  |9 90143 
650 0 7 |a eneolit  |2 SNKPH  |9 30423 
650 0 7 |a archeologické nálezy  |2 snkbucl  |9 4975 
651 7 |a Chotín (Slovensko)  |2 snkbucl  |9 26165 
773 0 |t Archeologické výskumy a nálezy na Slovensku v roku 2003  |d Nitra : Archeologický ústav Slovenskej akadémie vied, 2004  |g S. 34-35  |x 0231-925X  |z 8088709733 
850 |a Slovenská národná knižnica 
852 |a Slovenská národná knižnica 
954 |a odborná, vedecká literatúra pôvodná (slovenská)  |2 lita 
958 |a article2022 
958 |a OND 
958 |a EUIPO 
999 |c 2908855  |d 2910785